[Event "IND-ch U17 Girls 20th"]
[Site "Chakradharpur"]
[Date "2009.10.10"]
[Round "5"]
[White "Sarkar, Arna"]
[Black "Mohana, Priya J"]
[Result "1/2-1/2"]
[WhiteElo "1597"]
[BlackElo "2037"]
[PlyCount "60"]
[EventDate "2009.10.07"]
[EventType "swiss"]
[EventRounds "11"]
[EventCountry "IND"]
[SourceTitle "CBM 132 Extra"]
[Source "ChessBase"]
[SourceDate "2009.11.03"]
[SourceVersion "1"]
[SourceVersionDate "2009.11.03"]
[SourceQuality "1"]

1. e4 e5 2. Nf3 Nc6 3. Bc4 Bc5 4. c3 Qe7 5. d3 Nf6 6. Bb3 d6 7. h3 h6 8. Nbd2 0-0 9. Nf1 Nh5 10. g3 Be6 11. Bc2 f5 12. exf5 Bxf5 13. Be3 e4 14. Nh4 Nxg3 15. fxg3 Bxe3 16. Nxe3 exd3 17. Nhxf5 Qe4 18. 0-0 dxc2 19. Qd5+ Qxd5 20. Nxd5 Rae8 21. Nde3 Re5 22. Rac1 h5 23. Rfe1 Rexf5 24. Nxf5 Rxf5 25. Rxc2 Ne5 26. Rf1 Rg5 27. Kh2 Nc4 28. Re2 Re5 29. Rxe5 Nxe5 30. Kg2 g6 1/2-1/2